[Event "U12 Polish Youth Championship"]
[Site "chess24.com"]
[Date "2018.05.03"]
[Round "6"]
[White "Fiszer, Bartosz"]
[Black "Jeda, Maciej"]
[Result "0-1"]
[Board "4"]
[WhiteElo "2004"]
[WhiteTitle "CM"]
[WhiteCountry "POL"]
[WhiteFideId "21810133"]
[WhiteEloChange "-16"]
[BlackElo "1751"]
[BlackCountry "POL"]
[BlackFideId "21857679"]
[BlackEloChange "16"]

1. e4 {[%clk 1:30:57]} e6 {[%clk 1:30:54]} 2. d4 {[%clk 1:31:23]} d5 {[%clk
1:31:21]} 3. Nd2 {[%clk 1:31:46]} Nf6 {[%clk 1:31:44]} 4. e5 {[%clk 1:32:12]}
Nfd7 {[%clk 1:32:07]} 5. f4 {[%clk 1:32:39]} c5 {[%clk 1:31:10]} 6. c3 {[%clk
1:33:05]} Nc6 {[%clk 1:31:13]} 7. Ndf3 {[%clk 1:33:28]} cxd4 {[%clk 1:25:33]} 8.
cxd4 {[%clk 1:33:52]} Bb4+ {[%clk 1:25:28]} 9. Bd2 {[%clk 1:34:04]} Qa5 {[%clk
1:24:09]} 10. Bd3 {[%clk 1:33:11]} Nb6 {[%clk 1:20:48]} 11. Ne2 {[%clk 1:23:43]}
Bxd2+ {[%clk 1:05:45]} 12. Qxd2 {[%clk 1:23:46]} Qxd2+ {[%clk 1:05:16]} 13. Kxd2
{[%clk 1:23:58]} Bd7 {[%clk 1:01:49]} 14. Nc3 {[%clk 1:18:22]} a6 {[%clk
1:00:04]} 15. b3 {[%clk 1:18:02]} Rc8 {[%clk 0:58:06]} 16. Rac1 {[%clk 1:13:31]}
Ke7 {[%clk 0:53:25]} 17. g4 {[%clk 1:11:13]} g6 {[%clk 0:44:55]} 18. Bb1 {[%clk
1:07:07]} h5 {[%clk 0:32:19]} 19. gxh5 {[%clk 1:03:42]} Rxh5 {[%clk 0:31:16]} 20.
h4 {[%clk 1:03:50]} Rhh8 {[%clk 0:24:08]} 21. Ne2 {[%clk 1:02:13]} Na8 {[%clk
0:22:17]} 22. Ng3 {[%clk 1:01:14]} Nc7 {[%clk 0:21:57]} 23. h5 {[%clk 0:52:02]}
gxh5 {[%clk 0:21:45]} 24. Nxh5 {[%clk 0:49:41]} Nb5 {[%clk 0:21:09]} 25. Ke3
{[%clk 0:36:55]} Nxe5 {[%clk 0:10:32]} 26. Nxe5 {[%clk 0:28:13]} Rxc1 {[%clk
0:09:50]} 27. Rxc1 {[%clk 0:28:35]} Rxh5 {[%clk 0:10:14]} 28. a4 {[%clk 0:28:11]}
Rh3+ {[%clk 0:10:15]} 29. Kf2 {[%clk 0:25:57]} Rc3 {[%clk 0:04:42]} 30. Rh1
{[%clk 0:19:10]} Nd6 {[%clk 0:02:24]} 31. Ke2 {[%clk 0:10:03]} b5 {[%clk
0:01:43]} 32. Bd3 {[%clk 0:08:42]} Rxb3 {[%clk 0:01:47]} 33. a5 {[%clk 0:05:44]}
Ra3 {[%clk 0:01:14]} 34. Rc1 {[%clk 0:05:51]} Nc4 {[%clk 0:01:35]} 35. Bxc4
{[%clk 0:05:26]} bxc4 {[%clk 0:01:57]} 36. Nxd7 {[%clk 0:05:09]} Kxd7 {[%clk
0:02:23]} 37. Rb1 {[%clk 0:05:34]} Rxa5 {[%clk 0:02:38]} 38. Rb7+ {[%clk
0:05:58]} Ke8 {[%clk 0:03:04]} 39. f5 {[%clk 0:05:52]} exf5 {[%clk 0:03:30]} 40.
Kf3 {[%clk 0:06:14]} Ra4 {[%clk 0:02:37]} 41. Rc7 {[%clk 0:05:56]} c3 {[%clk
0:01:26]} 42. Rxc3 {[%clk 0:06:22]} Rxd4 {[%clk 0:01:51]} 43. Ra3 {[%clk
0:06:45]} Ke7 {[%clk 0:01:38]} 44. Rxa6 {[%clk 0:07:09]} Re4 {[%clk 0:01:50]} 45.
Ra5 {[%clk 0:06:35]} Ke6 {[%clk 0:01:54]} 46. Ra6+ {[%clk 0:06:26]} Ke5 {[%clk
0:01:48]} 47. Ra7 {[%clk 0:06:54]} f6 {[%clk 0:01:33]} 48. Re7+ {[%clk 0:07:18]}
Kd4 {[%clk 0:01:58]} 49. Rf7 {[%clk 0:07:37]} Ke5 {[%clk 0:01:08]} 50. Re7+
{[%clk 0:07:53]} Kd6 {[%clk 0:01:27]} 51. Rf7 {[%clk 0:08:21]} Ke6 {[%clk
0:01:51]} 52. Rf8 {[%clk 0:08:44]} Ke5 {[%clk 0:01:40]} 53. Re8+ {[%clk 0:08:57]}
Kd4 {[%clk 0:02:02]} 54. Rf8 {[%clk 0:09:25]} f4 {[%clk 0:01:59]} 55. Rxf6 {[%clk
0:09:48]} Ke5 {[%clk 0:02:27]} 56. Rf8 {[%clk 0:10:09]} Re3+ {[%clk 0:02:48]} 57.
Kf2 {[%clk 0:10:22]} Ra3 {[%clk 0:00:42]} 58. Re8+ {[%clk 0:10:33]} Kd4 {[%clk
0:01:03]} 59. Rb8 {[%clk 0:09:33]} Ke4 {[%clk 0:00:42]} 60. Re8+ {[%clk 0:09:31]}
Kd3 {[%clk 0:00:48]} 61. Kf3 {[%clk 0:08:06]} Ra4 {[%clk 0:01:09]} 62. Rd8 {[%clk
0:07:58]} Kd4 {[%clk 0:00:36]} 63. Kxf4 {[%clk 0:06:37]} Kd3+ {[%clk 0:00:39]}
64. Kf3 {[%clk 0:05:29]} d4 {[%clk 0:01:03]} 65. Kf4 {[%clk 0:04:00]} Kd2 {[%clk
0:00:58]} 66. Ke4 {[%clk 0:03:16]} d3+ {[%clk 0:01:19]} 67. Kf3 {[%clk 0:03:41]}
Rc4 {[%clk 0:01:16]} 68. Rd7 {[%clk 0:02:28]} Rc8 {[%clk 0:01:20]} 69. Ra7 {[%clk
0:01:36]} Kd1 {[%clk 0:01:00]} 70. Ra1+ {[%clk 0:00:46]} Kc2 {[%clk 0:00:42]} 71.
Ra2+ {[%clk 0:01:06]} Kb3 {[%clk 0:00:43]} 72. Ra7 {[%clk 0:00:49]} Rd8 {[%clk
0:00:50]} 73. Rb7+ {[%clk 0:00:47]} Kc2 {[%clk 0:01:13]} 74. Rc7+ {[%clk
0:01:11]} Kd1 {[%clk 0:01:32]} 75. Ra7 {[%clk 0:01:00]} d2 {[%clk 0:01:49]} 76.
Ke3 {[%clk 0:00:46]} Ke1 {[%clk 0:01:58]} 77. Rh7 {[%clk 0:03:35]} Re8+ {[%clk
0:02:12]} 0-1

[Event "U12 Polish Youth Championship"]
[Site "chess24.com"]
[Date "2018.05.03"]
[Round "6"]
[White "Paprocki, Antoni"]
[Black "Bogusz, Alan"]
[Result "1-0"]
[Board "5"]
[WhiteElo "1808"]
[WhiteCountry "POL"]
[WhiteFideId "21833745"]
[WhiteEloChange "7"]
[BlackElo "1683"]
[BlackCountry "POL"]
[BlackFideId "21810060"]
[BlackEloChange "-7"]

1. e4 {[%clk 1:30:55]} c5 {[%clk 1:30:54]} 2. Nf3 {[%clk 1:30:59]} Nc6 {[%clk
1:31:19]} 3. d4 {[%clk 1:31:14]} cxd4 {[%clk 1:31:43]} 4. Nxd4 {[%clk 1:31:41]}
Qc7 {[%clk 1:32:06]} 5. c4 {[%clk 1:31:20]} g6 {[%clk 1:25:45]} 6. Nb5 {[%clk
1:26:30]} Qb8 {[%clk 1:25:38]} 7. Be3 {[%clk 1:25:07]} Bg7 {[%clk 1:25:13]} 8.
N1c3 {[%clk 1:24:11]} Nf6 {[%clk 1:22:33]} 9. Nd5 {[%clk 1:19:49]} Nxd5 {[%clk
1:22:07]} 10. cxd5 {[%clk 1:19:50]} Nb4 {[%clk 1:21:37]} 11. d6 {[%clk 1:19:07]}
Na6 {[%clk 1:18:53]} 12. Rc1 {[%clk 1:18:09]} b6 {[%clk 1:17:31]} 13. Bd4 {[%clk
0:57:42]} e5 {[%clk 1:16:44]} 14. Be3 {[%clk 0:57:26]} Bb7 {[%clk 1:15:59]} 15.
Nc7+ {[%clk 0:51:56]} Nxc7 {[%clk 1:16:06]} 16. dxc7 {[%clk 0:52:19]} Qc8 {[%clk
1:16:21]} 17. Qd6 {[%clk 0:49:48]} f6 {[%clk 1:13:48]} 18. Bb5 {[%clk 0:49:25]}
Bxe4 {[%clk 1:13:58]} 19. Qe6+ {[%clk 0:49:18]} Kf8 {[%clk 1:14:11]} 20. Bxd7
{[%clk 0:49:32]} Bf5 {[%clk 1:12:46]} 21. Qd6+ {[%clk 0:49:38]} 1-0

[Event "U12 Polish Youth Championship"]
[Site "chess24.com"]
[Date "2018.05.03"]
[Round "6"]
[White "Wnek, Filip"]
[Black "Backiel, Hubert"]
[Result "1-0"]
[Board "6"]
[WhiteElo "1760"]
[WhiteCountry "POL"]
[WhiteFideId "21833281"]
[WhiteEloChange "7"]
[BlackElo "1653"]
[BlackCountry "POL"]
[BlackFideId "21838631"]
[BlackEloChange "-7"]

1. e4 {[%clk 1:29:53]} c5 {[%clk 1:30:49]} 2. Nf3 {[%clk 1:28:44]} e6 {[%clk
1:31:00]} 3. d4 {[%clk 1:27:48]} cxd4 {[%clk 1:31:22]} 4. Nxd4 {[%clk 1:26:50]}
a6 {[%clk 1:31:45]} 5. c4 {[%clk 1:25:54]} Nf6 {[%clk 1:32:02]} 6. Nc3 {[%clk
1:24:58]} Bb4 {[%clk 1:28:19]} 7. f3 {[%clk 1:15:02]} Qc7 {[%clk 1:08:20]} 8. Qd3
{[%clk 1:13:14]} Nc6 {[%clk 1:07:25]} 9. a3 {[%clk 1:10:33]} Be7 {[%clk 0:59:24]}
10. Nxc6 {[%clk 0:59:47]} dxc6 {[%clk 0:56:35]} 11. Be3 {[%clk 0:59:50]} e5
{[%clk 0:53:23]} 12. c5 {[%clk 0:56:58]} Be6 {[%clk 0:53:17]} 13. Be2 {[%clk
0:56:34]} Bb3 {[%clk 0:49:33]} 14. Nb1 {[%clk 0:49:58]} Be6 {[%clk 0:47:09]} 15.
O-O {[%clk 0:48:40]} O-O {[%clk 0:46:39]} 16. Qc2 {[%clk 0:46:04]} Rfd8 {[%clk
0:39:15]} 17. Nc3 {[%clk 0:45:30]} Nd7 {[%clk 0:19:34]} 18. Na4 {[%clk 0:44:42]}
Nf8 {[%clk 0:19:22]} 19. f4 {[%clk 0:43:38]} Bf6 {[%clk 0:12:16]} 20. f5 {[%clk
0:43:29]} Bd7 {[%clk 0:10:44]} 21. Bc4 {[%clk 0:42:46]} Be8 {[%clk 0:10:54]} 22.
b4 {[%clk 0:41:07]} Qe7 {[%clk 0:09:37]} 23. Qc1 {[%clk 0:40:03]} h6 {[%clk
0:08:40]} 24. Nb6 {[%clk 0:38:29]} Rab8 {[%clk 0:09:04]} 25. Bb3 {[%clk 0:35:02]}
Nh7 {[%clk 0:08:53]} 26. Nc4 {[%clk 0:35:01]} Qf8 {[%clk 0:05:39]} 27. Qc3 {[%clk
0:34:59]} Qe7 {[%clk 0:05:28]} 28. Rad1 {[%clk 0:22:24]} Nf8 {[%clk 0:04:25]} 29.
Rd6 {[%clk 0:21:34]} Rd7 {[%clk 0:03:50]} 30. Rfd1 {[%clk 0:21:19]} Rbd8 {[%clk
0:03:22]} 31. g3 {[%clk 0:20:13]} Nh7 {[%clk 0:01:45]} 32. Kg2 {[%clk 0:19:26]}
Nf8 {[%clk 0:00:37]} 33. Nb6 {[%clk 0:18:57]} Rxd6 {[%clk 0:00:56]} 34. cxd6
{[%clk 0:19:18]} Rxd6 {[%clk 0:00:34]} 35. Bc5 {[%clk 0:19:41]} Qc7 {[%clk
0:00:31]} 36. Rxd6 {[%clk 0:19:58]} Nd7 {[%clk 0:00:42]} 37. Nxd7 {[%clk
0:20:16]} Bxd7 {[%clk 0:01:07]} 38. Qd3 {[%clk 0:20:41]} Be8 {[%clk 0:01:31]} 39.
Qd1 {[%clk 0:20:39]} b6 {[%clk 0:01:47]} 40. Be3 {[%clk 0:20:54]} a5 {[%clk
0:01:54]} 41. Bxh6 {[%clk 0:20:06]} axb4 {[%clk 0:02:00]} 42. Rxf6 {[%clk
0:20:15]} gxh6 {[%clk 0:01:45]} 43. Rxh6 {[%clk 0:20:25]} Kg7 {[%clk 0:01:30]}
44. Qh5 {[%clk 0:20:39]} f6 {[%clk 0:01:07]} 45. Qxe8 {[%clk 0:20:08]} 1-0

[Event "U12 Polish Youth Championship"]
[Site "chess24.com"]
[Date "2018.05.03"]
[Round "6"]
[White "Trzebinski, Patryk"]
[Black "Herwy, Jakub"]
[Result "1-0"]
[Board "7"]
[WhiteElo "1628"]
[WhiteCountry "POL"]
[WhiteFideId "21839034"]
[WhiteEloChange "9"]
[BlackElo "1590"]
[BlackCountry "POL"]
[BlackFideId "21852855"]
[BlackEloChange "-9"]

1. e4 {[%clk 1:30:59]} c5 {[%clk 1:30:56]} 2. Nf3 {[%clk 1:31:23]} e6 {[%clk
1:31:13]} 3. d4 {[%clk 1:31:45]} cxd4 {[%clk 1:31:39]} 4. Nxd4 {[%clk 1:32:07]}
a6 {[%clk 1:32:03]} 5. Bd3 {[%clk 1:32:25]} Bc5 {[%clk 1:31:59]} 6. Nb3 {[%clk
1:32:45]} Be7 {[%clk 1:32:26]} 7. Qg4 {[%clk 1:33:07]} Bf6 {[%clk 1:32:49]} 8.
O-O {[%clk 1:30:27]} d6 {[%clk 1:32:59]} 9. a4 {[%clk 1:30:35]} Nc6 {[%clk
1:32:57]} 10. Qg3 {[%clk 1:30:40]} Nge7 {[%clk 1:31:41]} 11. Bf4 {[%clk 1:28:50]}
e5 {[%clk 1:31:24]} 12. Be3 {[%clk 1:28:39]} O-O {[%clk 1:28:27]} 13. Rd1 {[%clk
1:25:25]} Qc7 {[%clk 1:19:40]} 14. a5 {[%clk 1:23:01]} Be6 {[%clk 1:16:49]} 15.
Bb6 {[%clk 1:17:52]} Qc8 {[%clk 1:03:55]} 16. Na3 {[%clk 1:08:58]} Nb4 {[%clk
0:48:49]} 17. Rac1 {[%clk 1:04:23]} Ng6 {[%clk 0:46:07]} 18. Be2 {[%clk 0:58:22]}
Qc6 {[%clk 0:45:02]} 19. Qe3 {[%clk 0:48:51]} Be7 {[%clk 0:35:27]} 20. c4 {[%clk
0:43:12]} Nf4 {[%clk 0:27:43]} 21. Bf1 {[%clk 0:26:00]} Bg5 {[%clk 0:20:55]} 22.
Qe1 {[%clk 0:24:26]} Qa4 {[%clk 0:15:24]} 23. Rc3 {[%clk 0:20:36]} Na2 {[%clk
0:15:04]} 24. Rg3 {[%clk 0:20:10]} Bh4 {[%clk 0:12:12]} 25. Re3 {[%clk 0:19:26]}
Bg5 {[%clk 0:12:18]} 26. Rg3 {[%clk 0:19:28]} Bh4 {[%clk 0:12:33]} 27. Re3 {[%clk
0:14:28]} Bg5 {[%clk 0:12:58]} 28. Ra1 {[%clk 0:12:59]} Nb4 {[%clk 0:10:33]} 29.
Nb1 {[%clk 0:11:03]} Na2 {[%clk 0:08:05]} 30. Nc1 {[%clk 0:11:06]} Bxc4 {[%clk
0:07:24]} 31. b3 {[%clk 0:10:08]} Qb4 {[%clk 0:05:19]} 32. Rxa2 {[%clk 0:09:46]}
Qxe1 {[%clk 0:05:22]} 33. Rxe1 {[%clk 0:10:10]} Bxf1 {[%clk 0:05:00]} 34. Rxf1
{[%clk 0:10:07]} Rac8 {[%clk 0:05:23]} 35. Ne2 {[%clk 0:10:07]} Ne6 {[%clk
0:04:44]} 36. Nbc3 {[%clk 0:09:36]} Rc6 {[%clk 0:04:29]} 37. Nd5 {[%clk 0:09:15]}
Rfc8 {[%clk 0:04:50]} 38. Be3 {[%clk 0:08:42]} Bxe3 {[%clk 0:03:42]} 39. Ne7+
{[%clk 0:08:34]} Kf8 {[%clk 0:04:08]} 40. Nxc8 {[%clk 0:08:37]} Bg5 {[%clk
0:04:13]} 41. Nb6 {[%clk 0:08:58]} Nc5 {[%clk 0:04:39]} 42. Rc2 {[%clk 0:08:29]}
Nxb3 {[%clk 0:04:35]} 43. Rxc6 {[%clk 0:08:47]} bxc6 {[%clk 0:05:00]} 44. Nc4
{[%clk 0:07:41]} Nd2 {[%clk 0:04:18]} 45. Nxd2 {[%clk 0:07:54]} Bxd2 {[%clk
0:04:42]} 46. Rd1 {[%clk 0:08:02]} Bb4 {[%clk 0:04:45]} 47. Kf1 {[%clk 0:07:43]}
Ke7 {[%clk 0:05:09]} 48. Ng3 {[%clk 0:08:06]} g6 {[%clk 0:05:36]} 49. Ke2 {[%clk
0:08:26]} Ke6 {[%clk 0:05:44]} 50. Nf1 {[%clk 0:08:18]} f5 {[%clk 0:05:58]} 51.
f3 {[%clk 0:08:32]} f4 {[%clk 0:05:26]} 52. Nd2 {[%clk 0:08:10]} d5 {[%clk
0:05:50]} 53. Nb3 {[%clk 0:07:21]} Kd6 {[%clk 0:06:01]} 54. Kd3 {[%clk 0:07:08]}
h5 {[%clk 0:06:21]} 55. h4 {[%clk 0:04:56]} Ke6 {[%clk 0:05:05]} 56. Rc1 {[%clk
0:04:39]} Kd6 {[%clk 0:05:25]} 57. exd5 {[%clk 0:04:33]} Kxd5 {[%clk 0:05:32]}
58. Nd2 {[%clk 0:04:35]} Bxa5 {[%clk 0:05:56]} 59. Ra1 {[%clk 0:04:50]} Bd8
{[%clk 0:06:21]} 60. Rxa6 {[%clk 0:04:24]} Bxh4 {[%clk 0:06:46]} 61. Nc4 {[%clk
0:04:05]} Bd8 {[%clk 0:06:49]} 62. Ra8 {[%clk 0:04:01]} Bf6 {[%clk 0:06:19]} 63.
Rf8 {[%clk 0:04:15]} Be7 {[%clk 0:06:28]} 64. Rf7 {[%clk 0:04:37]} Ke6 {[%clk
0:06:29]} 65. Rg7 {[%clk 0:03:35]} Kf6 {[%clk 0:06:49]} 66. Rg8 {[%clk 0:03:45]}
Kf5 {[%clk 0:05:55]} 67. Re8 {[%clk 0:02:44]} Bf6 {[%clk 0:06:02]} 68. Rc8 {[%clk
0:02:57]} g5 {[%clk 0:06:15]} 69. Rxc6 {[%clk 0:03:08]} g4 {[%clk 0:06:35]} 70.
Nd6+ {[%clk 0:03:16]} Kg5 {[%clk 0:04:29]} 71. Ne4+ {[%clk 0:03:36]} Kh4 {[%clk
0:04:55]} 72. Rxf6 {[%clk 0:03:07]} g3 {[%clk 0:05:20]} 73. Nd2 {[%clk 0:02:59]}
Kg5 {[%clk 0:05:43]} 74. Rf8 {[%clk 0:02:48]} Kh4 {[%clk 0:05:57]} 75. Ke4 {[%clk
0:03:10]} Kg5 {[%clk 0:06:22]} 76. Kxe5 {[%clk 0:03:35]} Kh4 {[%clk 0:06:49]} 77.
Rxf4+ {[%clk 0:03:46]} 1-0

[Event "U12 Polish Youth Championship"]
[Site "chess24.com"]
[Date "2018.05.03"]
[Round "6"]
[White "Madej, Marek"]
[Black "Klimkowski, Jan"]
[Result "0-1"]
[Board "8"]
[WhiteElo "1734"]
[WhiteCountry "POL"]
[WhiteFideId "21835942"]
[WhiteEloChange "-7"]
[BlackElo "1836"]
[BlackCountry "POL"]
[BlackFideId "21856222"]
[BlackEloChange "7"]

1. e4 {[%clk 1:30:38]} c5 {[%clk 1:30:54]} 2. Nf3 {[%clk 1:30:54]} d6 {[%clk
1:31:16]} 3. d4 {[%clk 1:31:09]} cxd4 {[%clk 1:31:41]} 4. Nxd4 {[%clk 1:30:59]}
Nf6 {[%clk 1:32:02]} 5. Nc3 {[%clk 1:31:00]} a6 {[%clk 1:32:25]} 6. h3 {[%clk
1:29:34]} e6 {[%clk 1:32:17]} 7. g4 {[%clk 1:29:40]} b5 {[%clk 1:32:11]} 8. Bg2
{[%clk 1:29:41]} Bb7 {[%clk 1:32:32]} 9. O-O {[%clk 1:28:34]} Nfd7 {[%clk
1:32:52]} 10. Be3 {[%clk 1:21:57]} g5 {[%clk 1:32:48]} 11. Qd2 {[%clk 1:18:14]}
Be7 {[%clk 1:31:39]} 12. Rae1 {[%clk 1:12:29]} Ne5 {[%clk 1:28:29]} 13. f4 {[%clk
1:10:22]} gxf4 {[%clk 1:21:49]} 14. Bxf4 {[%clk 1:09:45]} Bh4 {[%clk 1:19:04]}
15. Rd1 {[%clk 0:52:53]} Nc4 {[%clk 1:12:03]} 16. Qc1 {[%clk 0:52:24]} Nd7 {[%clk
1:02:56]} 17. b3 {[%clk 0:52:03]} Nce5 {[%clk 1:02:10]} 18. Nf3 {[%clk 0:44:46]}
Nxf3+ {[%clk 0:57:27]} 19. Rxf3 {[%clk 0:39:14]} Qb6+ {[%clk 0:54:13]} 20. Kh1
{[%clk 0:31:12]} Be7 {[%clk 0:51:25]} 21. Rfd3 {[%clk 0:24:31]} Ne5 {[%clk
0:49:53]} 22. Bxe5 {[%clk 0:24:57]} dxe5 {[%clk 0:50:00]} 23. Qh6 {[%clk
0:24:38]} Qf2 {[%clk 0:43:01]} 24. R1d2 {[%clk 0:20:03]} Qf4 {[%clk 0:41:23]} 25.
Qxf4 {[%clk 0:16:11]} exf4 {[%clk 0:41:46]} 26. e5 {[%clk 0:16:33]} Bxg2+ {[%clk
0:40:38]} 27. Kxg2 {[%clk 0:17:00]} Bb4 {[%clk 0:38:43]} 28. Rf2 {[%clk 0:15:57]}
Rc8 {[%clk 0:32:33]} 29. Ne4 {[%clk 0:16:18]} Ke7 {[%clk 0:29:49]} 30. c3 {[%clk
0:10:30]} Ba5 {[%clk 0:28:37]} 31. b4 {[%clk 0:09:50]} Bc7 {[%clk 0:27:03]} 32.
Nd6 {[%clk 0:09:32]} Rcd8 {[%clk 0:26:50]} 33. Rfd2 {[%clk 0:08:47]} Bxd6 {[%clk
0:26:04]} 34. exd6+ {[%clk 0:09:12]} Kd7 {[%clk 0:25:51]} 35. Rd4 {[%clk
0:07:52]} e5 {[%clk 0:25:15]} 36. Rd5 {[%clk 0:08:01]} f6 {[%clk 0:22:48]} 37. a4
{[%clk 0:06:48]} Rb8 {[%clk 0:21:40]} 38. axb5 {[%clk 0:03:54]} Rxb5 {[%clk
0:21:47]} 39. R5d3 {[%clk 0:02:40]} Rc8 {[%clk 0:21:51]} 40. Kf3 {[%clk 0:01:49]}
Rc4 {[%clk 0:21:16]} 41. Re2 {[%clk 0:02:16]} Rb6 {[%clk 0:20:06]} 42. Re4 {[%clk
0:01:50]} Rxe4 {[%clk 0:18:32]} 43. Kxe4 {[%clk 0:02:13]} Rxd6 {[%clk 0:18:58]}
44. Rf3 {[%clk 0:02:20]} Ke6 {[%clk 0:18:32]} 45. Rf2 {[%clk 0:02:29]} Rc6 {[%clk
0:18:33]} 46. Kd3 {[%clk 0:02:09]} f5 {[%clk 0:17:59]} 47. gxf5+ {[%clk 0:01:38]}
Kxf5 {[%clk 0:18:24]} 48. c4 {[%clk 0:01:59]} e4+ {[%clk 0:18:22]} 49. Kd4 {[%clk
0:02:24]} e3 {[%clk 0:18:32]} 50. Rf1 {[%clk 0:02:30]} Re6 {[%clk 0:18:39]} 51.
c5 {[%clk 0:02:37]} e2 {[%clk 0:18:42]} 52. Re1 {[%clk 0:03:05]} f3 {[%clk
0:18:58]} 53. c6 {[%clk 0:03:31]} f2 {[%clk 0:18:37]} 0-1

[Event "U12 Polish Youth Championship"]
[Site "chess24.com"]
[Date "2018.05.03"]
[Round "6"]
[White "Dziewonski, Dariusz"]
[Black "Nowicki, Filip"]
[Result "1-0"]
[Board "9"]
[WhiteElo "1805"]
[WhiteCountry "POL"]
[WhiteFideId "21835829"]
[WhiteEloChange "3"]
[BlackElo "1511"]
[BlackCountry "POL"]
[BlackFideId "21835993"]
[BlackEloChange "-3"]

1. e4 {[%clk 1:30:51]} c5 {[%clk 1:30:43]} 2. Nf3 {[%clk 1:31:13]} e6 {[%clk
1:31:03]} 3. d4 {[%clk 1:31:34]} cxd4 {[%clk 1:31:31]} 4. Nxd4 {[%clk 1:31:56]}
Nf6 {[%clk 1:31:48]} 5. Nc3 {[%clk 1:32:21]} Nc6 {[%clk 1:32:15]} 6. Ndb5 {[%clk
1:32:44]} Bb4 {[%clk 1:32:35]} 7. a3 {[%clk 1:33:09]} Bxc3+ {[%clk 1:33:02]} 8.
Nxc3 {[%clk 1:33:34]} d5 {[%clk 1:33:28]} 9. exd5 {[%clk 1:33:56]} exd5 {[%clk
1:33:55]} 10. Bd3 {[%clk 1:34:08]} O-O {[%clk 1:34:18]} 11. O-O {[%clk 1:34:33]}
d4 {[%clk 1:34:29]} 12. Ne2 {[%clk 1:34:52]} Bg4 {[%clk 1:34:55]} 13. f3 {[%clk
1:35:16]} Bh5 {[%clk 1:35:21]} 14. Nf4 {[%clk 1:35:42]} Bg6 {[%clk 1:35:33]} 15.
Nxg6 {[%clk 1:36:05]} hxg6 {[%clk 1:36:00]} 16. f4 {[%clk 1:36:23]} Re8 {[%clk
1:23:32]} 17. Qf3 {[%clk 1:33:39]} Qd5 {[%clk 1:15:29]} 18. Bd2 {[%clk 1:32:41]}
Ne4 {[%clk 1:03:55]} 19. Bxe4 {[%clk 1:30:10]} Qxe4 {[%clk 1:04:01]} 20. Qxe4
{[%clk 1:29:34]} Rxe4 {[%clk 1:04:23]} 21. Rae1 {[%clk 1:28:27]} f5 {[%clk
1:02:35]} 22. Rf3 {[%clk 1:23:28]} Rae8 {[%clk 1:00:14]} 23. Kf2 {[%clk 1:23:42]}
Kf7 {[%clk 0:56:09]} 24. g3 {[%clk 1:17:50]} Ke6 {[%clk 0:52:25]} 25. Rd3 {[%clk
1:15:00]} Kd5 {[%clk 0:46:35]} 26. h4 {[%clk 1:13:20]} b5 {[%clk 0:39:42]} 27. b3
{[%clk 1:07:53]} a5 {[%clk 0:35:35]} 28. c3 {[%clk 1:03:35]} a4 {[%clk 0:22:45]}
29. cxd4 {[%clk 0:52:24]} axb3 {[%clk 0:19:34]} 30. Rxb3 {[%clk 0:37:07]} Nxd4
{[%clk 0:19:43]} 31. Rd3 {[%clk 0:37:01]} Rxe1 {[%clk 0:12:28]} 32. Bxe1 {[%clk
0:37:29]} Re2+ {[%clk 0:12:50]} 33. Kf1 {[%clk 0:37:33]} Re4 {[%clk 0:12:08]} 34.
Rc3 {[%clk 0:32:34]} Ne6 {[%clk 0:09:15]} 35. Bf2 {[%clk 0:31:13]} Rc4 {[%clk
0:08:32]} 36. Rb3 {[%clk 0:29:24]} Kc6 {[%clk 0:07:32]} 37. Re3 {[%clk 0:24:50]}
Kd5 {[%clk 0:06:47]} 38. Re5+ {[%clk 0:24:41]} Kd6 {[%clk 0:07:10]} 39. Rxb5
{[%clk 0:24:20]} Rc1+ {[%clk 0:06:38]} 40. Ke2 {[%clk 0:22:40]} Ra1 {[%clk
0:06:37]} 41. Ra5 {[%clk 0:21:38]} Ra2+ {[%clk 0:05:36]} 42. Kf3 {[%clk 0:20:45]}
Ra1 {[%clk 0:04:51]} 43. Ra8 {[%clk 0:18:41]} Nc7 {[%clk 0:03:09]} 44. Ra7 {[%clk
0:16:48]} Nb5 {[%clk 0:02:42]} 45. Rxg7 {[%clk 0:15:30]} Rxa3+ {[%clk 0:02:55]}
46. Kg2 {[%clk 0:15:37]} Ra2 {[%clk 0:02:38]} 47. Rxg6+ {[%clk 0:15:36]} Kd5
{[%clk 0:02:32]} 48. h5 {[%clk 0:13:08]} Nd6 {[%clk 0:01:59]} 49. h6 {[%clk
0:11:45]} Ne4 {[%clk 0:01:58]} 50. h7 {[%clk 0:11:51]} Nxf2 {[%clk 0:01:23]} 51.
h8Q {[%clk 0:11:33]} Ng4+ {[%clk 0:01:45]} 52. Kg1 {[%clk 0:11:45]} 1-0

[Event "U12 Polish Youth Championship"]
[Site "chess24.com"]
[Date "2018.05.03"]
[Round "6"]
[White "Wojdak, Jan"]
[Black "Krupinski, Mikolaj"]
[Result "1-0"]
[Board "10"]
[WhiteElo "1795"]
[WhiteCountry "POL"]
[WhiteFideId "21817111"]
[WhiteEloChange "4"]
[BlackElo "1547"]
[BlackCountry "POL"]
[BlackFideId "21835918"]
[BlackEloChange "-4"]

1. e4 {[%clk 1:30:59]} c5 {[%clk 1:30:01]} 2. Nf3 {[%clk 1:31:10]} Nc6 {[%clk
1:30:03]} 3. d4 {[%clk 1:31:34]} cxd4 {[%clk 1:30:05]} 4. Nxd4 {[%clk 1:31:39]}
Nf6 {[%clk 1:29:35]} 5. Nc3 {[%clk 1:32:04]} d6 {[%clk 1:28:55]} 6. Bg5 {[%clk
1:31:39]} e6 {[%clk 1:28:08]} 7. Qd2 {[%clk 1:31:28]} a6 {[%clk 1:24:31]} 8.
O-O-O {[%clk 1:31:32]} Bd7 {[%clk 1:24:15]} 9. f3 {[%clk 1:28:43]} Qc7 {[%clk
1:16:32]} 10. g4 {[%clk 1:26:06]} Be7 {[%clk 1:13:13]} 11. Kb1 {[%clk 1:23:58]}
h6 {[%clk 1:06:22]} 12. Be3 {[%clk 1:24:25]} d5 {[%clk 0:45:26]} 13. exd5 {[%clk
1:22:26]} Nxd5 {[%clk 0:45:40]} 14. Nxd5 {[%clk 1:22:24]} exd5 {[%clk 0:46:07]}
15. Bg2 {[%clk 1:17:15]} O-O-O {[%clk 0:44:00]} 16. Qf2 {[%clk 1:15:56]} Bf6
{[%clk 0:35:52]} 17. Nb3 {[%clk 1:15:37]} Be6 {[%clk 0:30:24]} 18. c3 {[%clk
1:11:02]} Rd7 {[%clk 0:29:20]} 19. Nc5 {[%clk 1:05:10]} Rd6 {[%clk 0:29:23]} 20.
Nxe6 {[%clk 0:54:28]} fxe6 {[%clk 0:29:37]} 21. Bc5 {[%clk 0:54:52]} Rd7 {[%clk
0:29:51]} 22. f4 {[%clk 0:54:04]} Be7 {[%clk 0:16:18]} 23. Bxe7 {[%clk 0:52:41]}
Nxe7 {[%clk 0:16:45]} 24. Rhe1 {[%clk 0:53:03]} Rf8 {[%clk 0:15:29]} 25. Rxe6
{[%clk 0:52:13]} Qxf4 {[%clk 0:15:23]} 26. Qe2 {[%clk 0:49:00]} Qf7 {[%clk
0:08:36]} 27. Re1 {[%clk 0:40:52]} Nc6 {[%clk 0:08:40]} 28. Rf1 {[%clk 0:41:04]}
Qg8 {[%clk 0:01:43]} 29. Rxf8+ {[%clk 0:41:25]} Qxf8 {[%clk 0:02:12]} 30. Re8+
{[%clk 0:41:49]} Rd8 {[%clk 0:02:38]} 31. Rxf8 {[%clk 0:42:15]} Rxf8 {[%clk
0:03:04]} 32. Bxd5 {[%clk 0:42:32]} Rd8 {[%clk 0:03:18]} 33. Bxc6 {[%clk
0:42:56]} bxc6 {[%clk 0:03:46]} 34. Qxa6+ {[%clk 0:43:22]} Kc7 {[%clk 0:04:14]}
35. Qa7+ {[%clk 0:43:47]} Kd6 {[%clk 0:04:39]} 36. Qxg7 {[%clk 0:44:13]} Re8
{[%clk 0:05:03]} 37. Qxh6+ {[%clk 0:44:39]} Kc7 {[%clk 0:05:30]} 38. Qf4+ {[%clk
0:44:37]} Kd7 {[%clk 0:05:59]} 39. Qf7+ {[%clk 0:44:50]} Kd8 {[%clk 0:06:27]} 40.
Kc2 {[%clk 0:44:30]} c5 {[%clk 0:06:55]} 41. Qd5+ {[%clk 0:44:55]} Ke7 {[%clk
0:07:21]} 42. Qxc5+ {[%clk 0:45:21]} Kf7 {[%clk 0:07:48]} 43. Qh5+ {[%clk
0:45:44]} Kf8 {[%clk 0:08:14]} 44. g5 {[%clk 0:46:10]} Re7 {[%clk 0:08:33]} 45.
g6 {[%clk 0:46:34]} Kg8 {[%clk 0:08:57]} 46. Qd5+ {[%clk 0:46:47]} Kg7 {[%clk
0:09:11]} 47. Qf7+ {[%clk 0:47:09]} Rxf7 {[%clk 0:09:38]} 48. gxf7 {[%clk
0:47:35]} 1-0